Pravděpodobnost
Uložené v:
| Hlavný autor: | |
|---|---|
| Médium: | Kniha |
| Jazyk: | Czech |
| Vydavateľské údaje: |
Praha :
Professional Publishing,
2012
|
| Predmet: | |
| Tagy: |
Žiadne tagy, Buďte prvý, kto otaguje tento záznam!
|
MARC
| LEADER | 00000nam a22000003a 4500 | ||
|---|---|---|---|
| 001 | stu250114 | ||
| 005 | 20150617230204.9 | ||
| 008 | 120709s2012----xr------------------cze-d | ||
| 020 | |a 978-80-7431-087-4 | ||
| 040 | |a STU |b slo | ||
| 041 | 0 | |a cze | |
| 044 | |a xr | ||
| 080 | |a 519 |7 stu_us_auth*stu7042 | ||
| 100 | 1 | |a Marek, Ľuboš |4 aut | |
| 245 | 1 | |a Pravděpodobnost | |
| 260 | |a Praha : |b Professional Publishing, |c 2012 | ||
| 300 | |a 249 s | ||
| 650 | 7 | |a pravdepodobnosť |2 stusub | |
| 996 | |b 284M081273 |c M*13253-1 |l MMKN |s A |a 24 |w stu250114_0001 | ||
| 996 | |b 284M081275 |c M*13253-2 |l MMKN |s A |a 24 |w stu250114_0002 | ||
| 996 | |b 284M081274 |c M*13253-3 |l MMKN |s A |a 24 |w stu250114_0003 | ||